[Event "Medellin Amateur op"]
[Site "Medellin"]
[Date "2011.04.22"]
[Round "4.14"]
[White "Llano Buritica, Eduardo Alejandro"]
[Black "Tobon, Alvaro"]
[Result "1-0"]
[WhiteElo "1672"]
[BlackElo "1600"]
[PlyCount "45"]
[EventDate "2011.04.20"]
[EventType "swiss"]
[EventRounds "9"]
[EventCountry "COL"]
[SourceTitle "EXT 2024"]
[Source "ChessBase"]
[SourceDate "2023.10.10"]
[SourceVersion "1"]
[SourceVersionDate "2023.10.10"]
[SourceQuality "1"]

1. e4 e5 2. Nf3 Qe7 3. Bc4 h6 4. 0-0 d6 5. h3 Nf6 6. Nc3 c6 7. d3 Qc7 8. Re1 Be7 9. d4 0-0 10. dxe5 dxe5 11. Qe2 Nbd7 12. Be3 b5 13. Bb3 a5 14. a3 Ba6 15. Qd2 Rfd8 16. Rad1 b4 17. axb4 Bxb4 18. Qc1 Nxe4 19. Nxe4 Bxe1 20. Rxe1 Bb7 21. Bxh6 gxh6 22. Qxh6 Nf8 23. Nf6# 1-0